00700nam a2200229Ia 4500003000900000008004100009040001300050040001300063041000800076100001900084245004600103250002200149260002100171260000900192300001100201300001200212490001900224490000700243942000700250999001700257952019600274IT-RoPAU120407s9999 xx 000 0 und d aIT-RoPAU cIT-RoPAU aita aRené Fourrey aVita autentica del Curato d’Ars. 2a ed. aCinisello Balsamo aEdizioni Paoline c1986 a399 p. c21,5 cm aI protagonisti v13 cBK c34069d34069 00102ddc406922_23300000000000071aPAULUSbPAULUSd2012-04-11l0o922.233r2012-04-11 00:00:00w2012-04-11yBKzInserito da: Jole In data: 30 luglio 2011 fondo: Via A.Severo 56 Progr:36923